书目信息 |
| 题名: |
小平故里·广安100问
|
|
| 作者: | 甘丽 主编 ;中共广安市委宣传部 编 | |
| 分册: | ||
| 出版信息: | 成都 四川科学技术出版社 2019.07 |
|
| 页数: | 234页 | |
| 开本: | 17cm | |
| 丛书名: | ||
| 单 册: | ||
| 中图分类: | K297.13 | |
| 科图分类: | ||
| 主题词: | ||
| 电子资源: | ||
| ISBN: | 978-7-5364-9525-8 | |
| 000 | 00959nam0 2200241 450 | |
| 001 | 2339335816 | |
| 005 | 20231124105545.00 | |
| 010 | @a978-7-5364-9525-8@dCNY66.00 | |
| 100 | @a20190929d2019 em y0chiy50 ea | |
| 101 | 0 | @achi |
| 102 | @aCN@b510000 | |
| 105 | @aa z 000yy | |
| 200 | 1 | @a小平故里·广安100问@Axiao ping gu li ·guang an 100 wen@f中共广安市委宣传部编 |
| 210 | @a成都@c四川科学技术出版社@d2019.07 | |
| 215 | @a234页@c图 (部分彩图)@d17cm | |
| 314 | @a书同题: 甘丽主编 | |
| 330 | @a本书以以问答形式, 忠于历史, 真实展示广安悠久历史、风土人情、物华天宝、地灵人杰之特色 ; 以严谨的态度解读广安、宣传广安, 展示广安魅力, 传递广安精彩。内容包括: 地理广安 ; 历史广安 ; 人文广安 ; 当代广安 ; 邓小平与广安。 | |
| 607 | @a广安@Aguang an@x地方史 | |
| 690 | @aK297.13@v5 | |
| 701 | 0 | @a甘丽@Agan li@4主编 |
| 712 | 02 | @a中共广安市委宣传部@Azhong gong guang an shi wei xuan chuan bu@4编 |
| 801 | @aCN@b山东中教@c20231121 | |
| 905 | @aBZT@dK297.13@e1 | |
| 小平故里·广安100问/中共广安市委宣传部编.-成都:四川科学技术出版社,2019.07 |
| 234页:图 (部分彩图);17cm |
| ISBN 978-7-5364-9525-8:CNY66.00 |
| 本书以以问答形式, 忠于历史, 真实展示广安悠久历史、风土人情、物华天宝、地灵人杰之特色 ; 以严谨的态度解读广安、宣传广安, 展示广安魅力, 传递广安精彩。内容包括: 地理广安 ; 历史广安 ; 人文广安 ; 当代广安 ; 邓小平与广安。 |
| ● |
| 相关链接 |
|
|
|
正题名:小平故里·广安100问
索取号:K297.13/1
 
预约/预借
| 序号 | 登录号 | 条形码 | 馆藏地/架位号 | 状态 | 备注 |
| 1 | 2001041293 | 2001041293 | 中教第一批/山东中教(第一批)/592/ [索取号:K297.13/1] | 在馆 | |
| 2 | 2001041294 | 2001041294 | 中教第一批/山东中教(第一批)/592/ [索取号:K297.13/1] | 在馆 | |
| 3 | 2001041295 | 2001041295 | 中教第一批/山东中教(第一批)/592/ [索取号:K297.13/1] | 在馆 | |
| 4 | 2001041296 | 2001041296 | 中教第一批/山东中教(第一批)/592/ [索取号:K297.13/1] | 在馆 | |
| 5 | 2001041297 | 2001041297 | 中教第一批/山东中教(第一批)/592/ [索取号:K297.13/1] | 在馆 | |
| 6 | 2001041298 | 2001041298 | 中教第一批/山东中教(第一批)/592/ [索取号:K297.13/1] | 在馆 |